Countries with Elks (Mooses) - Statistics

General Stats
  • This quiz has been taken 410 times
  • The average score is 14 of 16
Answer Stats
Elk/Moose Country % Correct
Canada
99%
Russia
99%
Sweden
99%
United States
99%
Norway
98%
Finland
97%
United Kingdom
96%
Estonia
89%
Latvia
89%
Lithuania
89%
Poland
89%
Belarus
87%
Ukraine
87%
Mongolia
75%
Czech Republic
63%
Slovakia
60%
No matching quizzes found
Score Distribution
Percent of People with Each Score
Percentile by Number Answered
Your Score History
You have not taken this quiz